[Event "Rubinstein Memorial 37th"]
[Site "Polanica Zdroj"]
[Date "2000.08.26"]
[Round "9"]
[White "Van Wely, Loek"]
[Black "Almasi, Zoltan"]
[Result "1/2-1/2"]
[WhiteElo "2643"]
[BlackElo "2668"]
[Annotator "Huebner,R"]
[PlyCount "214"]
[EventDate "2000.08.17"]
[EventType "tourn"]
[EventRounds "9"]
[EventCountry "POL"]
[EventCategory "17"]
[SourceTitle "CBM 079"]
[Source "ChessBase"]
[SourceDate "2000.11.21"]
[SourceVersion "1"]
[SourceVersionDate "2000.11.21"]
[SourceQuality "1"]

1. d4 {Van Wely/Cifuentes} d5 2. c4 c6 3. Nc3 Nf6 4. Nf3 dxc4 5. a4 Bf5 6. e3
e6 7. Bxc4 Bb4 8. O-O O-O 9. Qe2 Bg6 10. Ne5 Nbd7 11. Nxg6 hxg6 12. Na2 {
Dies ist eine neue Idee an Stelle des üblichen} (12. Rd1 {Laut L. van Wely 
("Schach" 10/2000, S.34) wurde sie von R. Kazimdzanov erdacht. Sie beinhaltet
einen scharfen Versuch, den Schwarzen zu überrennen; gelingt dies nicht, mag
sich die abseitige Stellung des Springers auf a2 als ungünstig erweisen.})
12... Bd6 (12... Be7 {ist ebenfalls spielbar.}) (12... Be7 $142 {Van Wely/
Cifuentes}) 13. e4 e5 14. f4 exd4 15. e5 Bc5 16. Kh1 ({Keinen nennenswerten
Erfolg erreicht Weiß mit der Fortsetzung} 16. Qd3 Nd5 (16... Ng4 17. e6 Qh4 18.
h3 Nde5 19. fxe5 Nxe5 20. exf7+ Kh7 21. Qb3 d3+) 17. Bxd5 (17. b4 Be7 18. Qxd4
Nxb4 19. Nxb4 Bc5) 17... cxd5 18. b4 Be7 19. a5 {'+/=' Van Wely/Cifuentes.} (
19. Qxd4 Qb6 20. Be3 Qxd4 21. Bxd4 Rfc8 {führt zum Ausgleich.}) (19. Qxd4 $14 {
Van Wely/Cifuentes}) 19... Nb8 {usw.}) 16... Nd5 (16... Re8 {verdient Erwägung.
} {Mit} 17. b4 Bf8 18. e6 (18. Qf3 Nb6) 18... Nd5 19. exf7+ Kxf7 {erreicht
Weiß jedenfalls nichts Besonderes.}) 17. b4 Be7 (17... Nxb4 18. e6 (18. Nxb4 {
Van Wely/Cifuentes} Bxb4 19. e6 Nf6 20. exf7+ Kh8 21. Rf3 $40 (21. f5 $40)
21... Qe7 22. Qxe7 Bxe7 23. Rh3+ Nh7 24. Bd3 $18) 18... Nf6 19. exf7+ Rxf7 (
19... Kh8 20. Rf3 Nh7 (20... Qe7 21. Rh3+ Nh7 22. Qxe7 Bxe7 23. Nxb4 Bxb4 24.
Bd3 {, und Weiß gewinnt.}) 21. Rh3 Qf6 22. Qf3 Rxf7 23. Nxb4 Bxb4 24. Qb3 Qe7
25. Ba3 {, und Weiß gewinnt.}) 20. Bxf7+ Kxf7 21. Nxb4 Bxb4 22. Qc4+ Nd5 23. f5
{ist ungemütlich für Schwarz, L. van Wely, "Schach" 10/2000, S.34. '->' Van
Wely/Cifuentes.}) 18. a5 {Weiß möchte den Springer von d7 nicht auf bessere
Felder lassen.} (18. Bxd5 cxd5 19. Rd1 a5 20. Rxd4 axb4 21. Nxb4 Bxb4 (21...
Qb6 22. Nxd5 Qxd4 23. Nxe7+ Kh7 24. Ra3 {ist für Schwarz nicht erstrebenswert.}
) 22. Rxb4 Nc5 {führt zu etwa ausgeglichenem Spiel.}) (18. Rd1 {Van Wely/
Cifuentes} N7b6 (18... N5b6) 19. Bb3 Nxb4 20. Nxb4 Bxb4 21. e6 Nd5 22. Rxd4 Bc5
(22... Bc3 23. Rxd5 cxd5 24. e7) 23. Re4) 18... Re8 (18... b6 {Van Wely/
Cifuentes} 19. b5 (19. a6 Nc7 20. e6 fxe6 21. Bxe6+ Kh8 $15) 19... bxa5 20.
bxc6 N7b6 21. Bd3 (21. Ba6 Qc7 22. Bb7 Rad8 23. Bd2 (23. Qd3 $13) (23. Rf3 $13)
23... Na4 (23... a4 24. Qd3 (24. Qe4 Nc4 $17) 24... g5 (24... Rfe8 25. Qxd4 $4
(25. Rac1) (25. Rfe1) 25... Nf6 $19) 25. fxg5 (25. g3 Nd7 $13) 25... Qxe5 26.
Rae1 Ne3 $44) 24. Nc1 Nac3 25. Qc4 $13) 21... Rc8 22. f5 $40) 19. Bd2 {Weiß
beeilt sich nicht mit dem Rückgewinn des Bauern. Andere Züge kamen in Betracht:
} (19. Bxd5 cxd5 20. Rd1 {'=' Van Wely/Cifuentes.} (20. Bb2 $11 {Van Wely/
Cifuentes}) 20... Nf8 {mit etwa gleichem Spiel.}) (19. Rd1 Nf8 20. Rxd4 Ne6 21.
Rd1 $14 {(L. van Wely, loc. cit.)} Qd7 {Ich halte die Stellung des
Nachziehenden für solide.}) (19. Qe4 Nf8 20. Qxd4 Qd7 (20... Nxb4 21. Qb2 Nd5
22. Qxb7 Qxa5 23. Qxc6 Red8 {mit unklarem Spiel wird von Van Wely angegeben.})
21. Rd1 Red8 {führt zu einem ähnlichen Stellungstyp wie die vorige Variante.})
19... Nf8 20. Qe4 Qd7 (20... Ne6 21. g4 {(Van Wely, "Schach" 10/2000, S.35).})
21. Qxd4 Red8 22. Qb2 (22. Rad1 {Van Wely/Cifuentes}) 22... b5 23. Be2 Rac8 24.
Rad1 a6 25. Bf3 Qa7 26. Qb3 Rc7 27. Be4 $6 {'?' Van Wely/Cifuentes.} ({Genauer
ist} 27. Bc1 Ne6 28. Be4 {Schwarz muß äußerst genau spielen, um nicht
überrannt zu werden:} Rcd7 (28... Nd4 29. Qh3 Nxb4 (29... c5 30. Rxd4 cxd4 31.
f5 {mit starkem Angriff: Van Wely, loc. cit.}) 30. Nxb4 Bxb4 31. f5 gxf5 32.
Rxf5 {'!' Van Wely/Cifuentes.} g6 33. Bg5 Be7 34. Bf6 Bxf6 35. exf6 Rd5 36. Re5
{, und Weiß gewinnt: L. van Wely, "Schach" 10/2000, S.35. '+-!!' Van Wely/
Cifuentes.}) 29. f5 Nd4 30. Qh3 gxf5 31. Rxf5 Nxf5 32. Bxf5 g6 33. e6 Bf6 ({
Verderblich ist} 33... gxf5 34. exf7+ Kxf7 35. Qh7+ Kf6 36. Bb2+ Kg5 37. h4+ {
nebst baldigem Matt.}) 34. exd7 gxf5 35. Qg3+ Kh7 {Es scheint, daß Schwarz
sich halten kann.}) (27. Bc1 $142 {Van Wely/Cifuentes}) 27... Qd4 {'!' Van
Wely/Cifuentes.} 28. Qf3 $6 {Weiß gibt der Dame des Gegners die
Damenflügelfelder zum Eindringen frei.} (28. Bf3 Ne6 29. Bc1 Qc4 30. Qxc4 bxc4
31. Be2 (31. g3 Nxb4) 31... c3 32. g3 Rb8 {ist aber auch schon unbequem für
ihn.}) 28... Rcd7 (28... Qb2 29. Bb1 (29. Nc1 {Van Wely/Cifuentes} Nxb4) (29.
f5 {Van Wely/Cifuentes} Qxa2 30. fxg6 fxg6 (30... f6)) 29... Ne6 30. Qe4 {
(L. van Wely, "Schach" 10/2000, S.35) mit etwa gleichem Spiel. '~~' Van Wely/
Cifuentes.}) (28... Qc4 29. Bb1 Ne6 30. Rc1 Qd4 31. f5 Ng5 (31... Qxd2 32. fxe6
f5 33. exf6 {gerät Schwarz in schwerste Gefahr.}) 32. Bxg5 Bxg5 33. Rcd1 Qxe5
34. fxg6 {ist für Schwarz auch kein tauglicher Gewinnversuch.}) 29. Bc2 {
L. van Wely gibt dem Zug ein Fragezeichen und gibt an, mit} (29. Be1 Qe3 (29...
Qc4 30. Rc1 (30. Rf2 Nxb4 31. Rc1 Qd4 32. Bc3 $2 Qxf2 {, und Schwarz gewinnt.})
30... Qxa2 31. Rf2 Qa4 32. Bc2 Qa2 33. Bd1 Nxb4 34. Rxa2 Nxa2 {führt meines
Erachtens auch nicht zu einem klaren Ergebnis.}) 30. Rc1 {könne Weiß Vorteil
erzielen. Mir scheint indessen, daß nach} Qxf3 31. Bxf3 (31. Rxf3 {Van Wely/
Cifuentes} Ne6 $13) 31... Rc8 {Schwarz nichts zu fürchten hat. Andrerseits
führt der Textzug nicht zu so schlechtem Spiel wie van Wely meint.}) 29... Qb2
30. Bb1 $6 {Aber dieser Zug ist verdächtig.} (30. Bb3 Nc3 31. Qxc3 Rxd2 {
ist ungünstig für Weiß, aber nach}) (30. Qb3 Qxb3 31. Bxb3 Ne6 32. Rc1 {
braucht er meiner Meinung nach nicht zu verzweifeln.}) 30... Bxb4 (30... Ne6
31. f5 Nd4 32. Qh3 Nxf5 ({Spielbar ist} 32... gxf5 33. Bxf5 Nxf5 34. Qxf5 {
mit etwa ausgeglichener Stellung.}) 33. Rxf5 (33. Bxf5 Nf4 {ist ungünstig für
Weiß.}) 33... gxf5 (33... Ne3 34. Rxf7 Rxd2 35. Rdf1 {'+-' Van Wely/Cifuentes.}
Nxf1 36. Bxg6 {mit siegreichem Angriff (L. van Wely, "Schach" 10/2000, S.35).})
(33... Nf4 34. Rxf4 Rxd2 35. Rdf1 Rd1 36. Nc3 {verfängt nicht.}) 34. Bxf5 g6
35. Bxd7 Qc2 {führt zu einer unklaren Stellung. Der Textzug ist stärker.}) 31.
Nxb4 Nxb4 32. Bc3 Qb3 ({Die Fortsetzung} 32... Qxc3 33. Qxc3 Rxd1 34. Qf3 Rxf1+
35. Qxf1 c5 {(L. van Wely, loc. cit.) kam in Betracht. '<=>' Van Wely/
Cifuentes.}) (32... Qa3 {Van Wely/Cifuentes} 33. Rxd7 Rxd7 34. f5 $13) 33. Rxd7
Rxd7 34. f5 gxf5 $4 {'?' Van Wely/Cifuentes.} ({Richtig ist} 34... Nd5 35. e6
Re7 36. Bd4 (36. fxg6 f6 {'-/+' Van Wely/Cifuentes.}) 36... Qxf3 37. exf7+ Rxf7
38. Rxf3 gxf5 39. Bxf5 Ne7 {und Schwarz wird gewinnen.}) 35. Bxf5 Re7 (35... c5
36. Bxd7 Nxd7 37. Qa8+ {ist ebenfalls hoffnungslos für Schwarz.}) 36. e6 $2 (
36. Rb1 {hätte zum Sieg geführt.}) (36. Rb1 $1 $18 {Van Wely/Cifuentes}) 36...
Na2 (36... c5 {ist stärker. Nach} 37. Qg3 (37. Qa8 Qc4 ({Falsch ist} 37... Qxc3
{wegen der Antwort} 38. exf7+ Rxf7 39. Be6) 38. Rf3 Qd5 39. exf7+ Rxf7 40. Bh7+
Kxh7 41. Qxd5 Nxd5 42. Rxf7 Nxc3 43. Rxf8 b4 {sind die Freibauern des
Schwarzen entscheidend.}) 37... f6 (37... fxe6 {scheitert an} 38. Bh7+) (37...
Nxe6 38. Qh4 {ist ebenfalls ungünstig für Schwarz.}) 38. Qd6 Nd5 39. Ba1 Re8
40. Qc6 Re7 41. Qd6 {entsteht ein Unentschieden.}) 37. Bc2 $2 ({Gute
Gewinnaussichten verspricht die Fortsetzung} 37. exf7+ Qxf7 (37... Rxf7 {
scheitert an} 38. Bc2 Qe6 39. Qxf7+ Qxf7 40. Rxf7 Nxc3 41. Bb3 {, und Weiß
gewinnt.}) 38. Bd2 {(L. van Wely. loc. cit.) '+/-' Van Wely/Cifuentes.} c5 39.
Bg5 {Weiß hat einen gefährlichen Angriff.}) 37... Qxe6 38. Bd2 Qe2 39. Bb3 Qxf3
(39... Qxd2 $5 {Van Wely/Cifuentes} 40. Bxf7+ Kh8 41. Bxa2 Nh7 42. Qh3 Re8 43.
Bb1 Qh6) 40. gxf3 (40. Rxf3 Nc1 {ist hoffnungslos für Weiß.}) 40... Rd7 41. Rf2
(41. Rd1 $2 c5 42. Bxa2 c4 {, und Schwarz gewinnt (L. van Wely).}) 41... Nc3 (
41... Rxd2 42. Rxd2 Nb4 {kommt auch in Betracht.}) 42. Bxc3 Rd3 43. Rc2 b4 $6 {
'?' Van Wely/Cifuentes.} (43... c5 44. Ba2 b4 45. Bd2 b3 46. Bxb3 Rxb3 47. Rxc5
Ne6 (47... Rxf3 {Van Wely/Cifuentes} 48. Rc6 Rf6 49. Rxf6 gxf6 $11) 48. Rc6
Rb1+ 49. Kg2 Rb2 50. Rd6 Kf8 {hätte dem Schwarzen erlaubt, auf Gewinn zu
spielen, wenngleich Weiß sich erfolgreich verteidigen können sollte. In der
Folge muß er noch ums Remis kämpfen.}) 44. Bxf7+ Kxf7 45. Bxb4 Rxf3 (45... Ng6
46. Rxc6 Nh4 47. Kg1 Nxf3+ 48. Kg2 Nh4+ 49. Kf2 Rf3+ 50. Ke2 Rf6 {ist
einfacher.}) (45... Rb3 {Van Wely/Cifuentes} 46. Bd6 Rb5 47. Rxc6 Rxa5 48. Rc7+
Kg8 49. Rc8 Rf5 50. f4 $14) 46. Rxc6 Ng6 {Mit diesem Zug erlangt Schwarz genug
Aktivität, um sich das Remis zu sichern. '<=>!' Van Wely/Cifuentes.} ({Auf} 
46... Rf6 {folgt} 47. Rc7+ (47. Rxf6+ gxf6 48. Bxf8 Kxf8 49. Kg2 Kf7 50. Kf3 f5
$11 {ergibt remis.} (50... Kg6 {Van Wely/Cifuentes} 51. Kf4 $18)) 47... Kg6 ({
Nach} 47... Kg8 48. Rc8 {kann Schwarz sich nicht ohne den Verlust des Bauern
auf a6 befreien. '+/-' Van Wely/Cifuentes.}) 48. Bc3 Re6 (48... Rf7 {Van Wely/
Cifuentes} 49. Rc6+ $16) 49. Rxg7+ Kh5 50. Kg2 {mit einigen Gewinnaussichten
für Weiß.}) 47. Rxa6 Nf4 48. Kg1 g5 49. Ra8 (49. Rc6 $5 {kommt in Betracht.})
49... Rb3 (49... g4 $2 {Van Wely/Cifuentes} 50. Rf8+ Kg7 51. a6 Nh3+ 52. Kg2
Nf4+ 53. Rxf4 Rxf4 54. a7 $18) 50. Bd6 Rd3 51. Bc7 Rc3 (51... Nd5 {Van Wely/
Cifuentes} 52. Bd8 g4 (52... Ra3 53. a6 g4) 53. a6 Ra3 54. a7 Kg7 (54... Kg6
55. Ba5) 55. Kf2) 52. Bb6 {'?' Van Wely/Cifuentes.} (52. Bd8 $142 $1 {Van Wely/
Cifuentes} Kg6 53. a6 (53. Rb8 Rc1+ 54. Kf2 Rc2+ 55. Kf3 Rxh2 56. Rb6+ Kf5 (
56... Kh5 57. Rb5 Ne6 58. Bb6 Ra2 $14) 57. Rb5+ Ke6 58. a6) 53... Rc1+ (53...
Ra3 54. a7 Nd5 55. Kf2 (55. Bxg5 Nc7 56. Rg8+ Kf7 57. Rh8 Rxa7 $14) 55... g4
56. Ba5 Rxa5 57. Rg8+ Kf5 58. a8=Q Rxa8 59. Rxa8 Ne7 $16) 54. Kf2 Rc2+ 55. Kf3
Rxh2 56. a7 Ra2 57. Bb6 $18) 52... Nd5 53. Bd8 Kg6 54. Rb8 (54. a6 {Van Wely/
Cifuentes} Rc1+ 55. Kf2 Rc2+ 56. Kf3 Rxh2 57. a7 (57. Ke4 Nb4 58. a7 Nc6 $14)
57... Ra2 $11) 54... Rc1+ 55. Kf2 Rc2+ 56. Kf3 Rxh2 57. Rb5 (57. a6 {Van Wely/
Cifuentes} Ra2 58. Rb5 Rxa6 59. Rxd5 Ra3+ $14) 57... Rh3+ 58. Kf2 Rd3 59. a6
Nb4 60. Bc7 Nxa6 61. Rb6+ Kf5 62. Rxa6 {'+/=' Van Wely/Cifuentes.} Rd5 {
Weiß hat keine Möglichkeit, den Bauern auf g5 wirksam anzugreifen; er kann
nicht einmal das Endspiel Turm und Läufer gegen Turm erreichen.} 63. Bb6 Rb5
64. Be3 Kg4 65. Kg2 Rb2+ 66. Bf2 Rb5 67. Ra4+ Kh5 68. Be3 Re5 69. Kf3 Rf5+ 70.
Ke4 Rb5 71. Ra1 Kg6 72. Bd4 Rb4 73. Ra8 Rb5 74. Rd8 Kh5 75. Kf3 Rb3+ 76. Be3
Rb5 77. Rh8+ Kg6 78. Ke4 Rb4+ 79. Ke5 Rb5+ 80. Ke6 Ra5 81. Bd4 Ra6+ 82. Ke5
Ra5+ 83. Ke4 Rb5 84. Be5 Rb4+ 85. Kd5 Kf5 86. Rf8+ Kg4 87. Rf1 Rb5+ 88. Ke6
Rb6+ 89. Kf7 Rb5 90. Kf6 Rb6+ 91. Kg7 Rb5 92. Bf6 Kh3 93. Rf3+ Kh2 94. Ra3 g4
95. Bh4 Rh5 96. Bg3+ Kg2 97. Bd6 Rd5 98. Ra2+ Kf3 99. Bb8 Rb5 100. Ra3+ Kg2
101. Ba7 g3 102. Kf6 Kh2 103. Be3 g2 104. Ra8 Rb1 105. Rh8+ Kg3 106. Rg8+ Kf3
107. Bc5 Rc1 1/2-1/2

[Event "RUS-ch 53rd"]
[Site "Samara"]
[Date "2000.06.20"]
[Round "4"]
[White "Lugovoi, Aleksei"]
[Black "Frolov, Denis"]
[Result "0-1"]
[WhiteElo "2515"]
[BlackElo "2428"]
[Annotator "Huebner,R"]
[PlyCount "130"]
[EventDate "2000.06.03"]
[EventType "swiss"]
[EventRounds "11"]
[EventCountry "RUS"]
[SourceTitle "CBM 078"]
[Source "ChessBase"]
[SourceDate "2000.10.18"]
[SourceVersion "1"]
[SourceVersionDate "2000.10.18"]
[SourceQuality "1"]

1. d4 d5 2. c4 c6 3. Nf3 Nf6 4. Nc3 dxc4 5. a4 Bf5 6. e3 e6 7. Bxc4 Bb4 8. O-O
Nbd7 9. Qe2 O-O 10. e4 Bg6 11. Bd3 h6 12. Rd1 {Dieser Zug ist nicht besonders
wirksam. Üblich ist} (12. Bf4 {, um den Vorstoß e6-e5 zu erschweren. Wenn Weiß
es vermeiden kann, e4-e5 zu spielen, und so das Bauernpärchen im Zentrum
intakt hält, darf er auf Vorteil hoffen.}) 12... Re8 13. e5 (13. Bf4 {Mit der
Fortsetzung} Nh5 14. Bd2 e5 {erreicht Weiß nichts.}) 13... Bxd3 14. Rxd3 Nd5
15. Ne1 {Dies sieht gekünstelt aus. Besser ist} (15. Ne4) 15... Nf8 16. Nc2 Be7
17. Ne4 (17. Nxd5 {ergibt eine ausgeglichene Stellung. Nachdem Weiß einige
Zeit verloren hat, kann er mit dem Textzug nichts erreichen.}) 17... Ng6 (17...
f5 $6 18. exf6 Nxf6 19. Rg3 Kh8 20. Bf4 Nxe4 21. Qxe4 Bf6 22. Be5 Qd5 $11 {
1-0 Khasin,A-Leonidov,V/Ozery 1997/EXT 2000 (49)}) 18. g3 c5 $1 19. dxc5 $6 ({
Mit der Fortsetzung} 19. Nxc5 Bxc5 20. dxc5 Qc7 21. f4 ({Nach} 21. b4 a5 22. b5
Nxe5 23. Rd2 Nd7 {verliert Weiß einen Bauern.}) 21... Qxc5+ 22. Be3 {konnte
Weiß den Schaden in Grenzen halten.}) 19... Nxe5 20. Rd1 Nd7 21. b4 $2 {
Nach diesem Zug verliert Weiß Material. Nach anderen Fortsetzungen erlangt
Schwarz nur einen kleinen Stellungsvorteil:} (21. Qb5 a6 22. Qxb7 Nxc5 23. Nxc5
Bxc5 $15) (21. Be3 Qc7 22. Na3 a6 23. Rac1 Qc6 $15) 21... f5 22. Nc3 Bf6 23.
Nxd5 exd5 24. Qb5 $6 ({Zäher ist} 24. Qf3 {obwohl Weiß nach} Bxa1 25. Qxd5+ Kh8
26. Qxf5 Qf6 27. Qxf6 (27. Qxd7 Re2 $19) 27... Nxf6 (27... Bxf6 28. Rxd7 Rad8
29. Rxd8 Rxd8 30. Be3 $11) 28. Nxa1 Re4 29. Ba3 a5 {wohl kaum überleben dürfte.
}) 24... Bxa1 25. Nxa1 Nf6 26. Nc2 Qd7 27. Qxd7 Nxd7 28. Ne3 a5 29. Nxd5 axb4
30. Nc7 Nxc5 31. Nxa8 Rxa8 32. Be3 Nxa4 33. Rb1 b5 34. Rxb4 Rb8 35. h4 Nc3 36.
Bd2 Ne4 37. Bf4 Rb7 38. f3 Nf6 39. Bd2 Kf7 40. Kf2 Nd5 41. Rb3 Ke6 42. Ke2 Kd6
43. g4 fxg4 44. fxg4 Kc5 45. Kd1 Rf7 46. Rg3 Rf1+ 47. Kc2 Rf2 48. Kc1 Kc4 49.
h5 Rf1+ 50. Kc2 Nb4+ 51. Kb2 (51. Bxb4 {rettet den Weißen nicht; sein Turm
steht zu passiv:} Kxb4 52. g5 (52. Re3 Rf2+ 53. Kc1 Rg2 $19) 52... Rh1 $19)
51... Nd3+ 52. Kc2 Nb4+ 53. Kb2 Rf2 54. Kc1 Nd3+ 55. Kd1 (55. Kc2 Nc5 {, und
Schwarz gewinnt.}) 55... b4 56. g5 b3 57. Rg4+ Kd5 58. Rg1 Rh2 59. gxh6 gxh6
60. Rf1 Kc4 61. Rg1 b2 62. Kc2 Nb4+ 63. Kb1 Rxd2 64. Rg4+ Rd4 65. Rg6 Kc3 0-1

[Event "RUS-chT 07th"]
[Site "Smolensk"]
[Date "2000.04.17"]
[Round "3"]
[White "Lugovoi, Aleksei"]
[Black "Ivanov, Victor L"]
[Result "1-0"]
[WhiteElo "2515"]
[BlackElo "2415"]
[Annotator "Huebner,R"]
[PlyCount "83"]
[EventDate "2000.04.15"]
[EventType "team-tourn"]
[EventRounds "11"]
[EventCountry "RUS"]
[SourceTitle "CBM 077"]
[Source "ChessBase"]
[SourceDate "2000.07.27"]
[SourceVersion "1"]
[SourceVersionDate "2000.07.27"]
[SourceQuality "1"]
[WhiteTeam "Sankt Petersburg Chess Federation"]
[BlackTeam "Moscow Phoenix"]
[WhiteTeamCountry "RUS"]
[BlackTeamCountry "RUS"]

1. d4 d5 2. c4 c6 3. Nf3 Nf6 4. Nc3 dxc4 5. a4 Bf5 6. e3 e6 7. Bxc4 Bb4 8. O-O
O-O 9. Qe2 Bg6 10. Ne5 Nbd7 11. Nxg6 hxg6 12. Rd1 Qa5 13. Bd2 Rad8 14. Be1 Nb6
15. Bb3 e5 16. dxe5 Qxe5 17. Qc2 {Dies ist ein neuer Versuch. Obwohl der Zug
nicht stärker ist als das früher gespielte 17.g3, führt er zum sofortigen
Erfolg. Ich zitiere den Vorgänger:} (17. g3 a5 18. Kg2 Nbd7 19. Qc4 Qe7 20. h3
g5 21. Rac1 Ne5 22. Qe2 g4 23. hxg4 Nexg4 24. Rxd8 Rxd8 25. Rd1 Rxd1 26. Qxd1
g6 $11 {1-0 Kamsky,G-Kramnik,V/Monaco 1995/CBM 46 ext (42)}) 17... g5 $2 {
Dieser Zug kostet einen Bauern.} ({Richtig ist} 17... Ng4 18. Qxg6 ({Die Folge
} 18. g3 Qh5 19. h4 Ne5 {ist angenehm für Schwarz.}) 18... Qxh2+ 19. Kf1 Rxd1
20. Rxd1 Nf6 21. Ne4 Nxe4 22. Qxe4 (22. Bxb4 Qh4 23. Be1 Nd5 $17 {führt zum
Vorteil für Schwarz.}) 22... Bxe1 {mit ausgeglichener Stellung.}) 18. Bxf7+ Kh8
({Nach} 18... Kxf7 19. Qb3+ Kg6 20. Qxb4 c5 21. Qb3 Ng4 22. g3 {kommt die
Initiative des Schwarzen zum Ende; Weiß steht auf Gewinn.}) 19. Rxd8 Rxd8 20.
Qe2 Bd6 21. g3 g4 22. a5 Nbd7 23. Bb3 $6 (23. Rd1 {ist viel genauer.}) 23...
Qh5 24. h4 Ne5 {Jetzt hat Schwarz beachtliches Gegenspiel bekommen.} 25. Qc2
Bb4 $6 ({Stärker ist} 25... Nf3+ 26. Kf1 ({Die Folge} 26. Kg2 Bb4 27. a6 bxa6
$11 {führt zum Ausgleich.}) 26... g5 27. Qf5 Rf8 {mit gefährlichem Gegenspiel.}
) 26. a6 b5 $6 (26... bxa6 {ist auch hier besser, denn} 27. Rxa6 {scheitert an}
Nf3+ 28. Kf1 Bxc3 29. Qxc3 Ne4 30. Ra5 c5 31. Qc2 Qf5 {, und Schwarz hat
entscheidenden Angriff.}) 27. Rd1 Rf8 $6 ({Genauer ist die Zugfolge} 27... Nf3+
28. Kf1 (28. Kg2 {ist nämlich für Schwarz viel angenehmer als die
Partiefortsetzung.} Qe8) 28... Rf8 {mit der Absicht g7-g5; Schwarz hat noch
stets gute Rettungsaussichten.}) 28. Kg2 Nf3 29. Ne2 $1 Nd5 {Jetzt ist Schwarz
plötzlich verloren.} ({Nicht besser ist} 29... Nxe1+ 30. Rxe1 Bxe1 31. Nf4 Qe8
32. Ng6+ Kh7 33. Nxf8+ Kh8 (33... Kh6 34. Qc5 {ist hoffnungslos für Schwarz.})
34. Ng6+ Kh7 35. Ne5+ g6 36. Qc5 {, und Weiß gewinnt.}) 30. Bxb4 Nxb4 31. Qe4
Qf5 32. Qxf5 Rxf5 33. Rd8+ Kh7 34. Nf4 g5 35. Rd7+ Kh6 36. hxg5+ Rxg5 37. Rxa7
Rc5 38. Bd1 Ne1+ 39. Kh2 Nf3+ 40. Bxf3 gxf3 41. Rh7+ Kxh7 42. a7 1-0

[Event "Presidents Cup "]
[Site "Elista"]
[Date "1998.05.07"]
[Round "1.1"]
[White "Vaganian, Rafael A"]
[Black "Shovunov, Baatr"]
[Result "1-0"]
[WhiteElo "2630"]
[BlackElo "2475"]
[Annotator "Huebner,R"]
[PlyCount "131"]
[EventDate "1998.05.07"]
[EventType "k.o."]
[EventRounds "6"]
[EventCountry "RUS"]
[SourceTitle "CBM 065"]
[Source "ChessBase"]
[SourceDate "1998.08.06"]
[SourceVersion "1"]
[SourceVersionDate "1998.08.06"]
[SourceQuality "1"]

1. Nf3 d5 2. d4 Nf6 3. c4 c6 4. Nc3 dxc4 5. a4 Bf5 6. e3 e6 7. Bxc4 Bb4 8. O-O
O-O 9. Qe2 Bg4 10. Rd1 {Die Einschaltung von} (10. h3 {scheint mir sinnvoll zu
sein.}) 10... Qa5 11. e4 Nbd7 12. e5 Nd5 13. Ne4 Rae8 {Dieser Zug sieht nicht
natürlich aus.} (13... c5 {ist eine konsequente Fortsetzung:} 14. Bb5 Qc7 15.
Bxd7 Qxd7 16. dxc5 Qc7 17. Bd2 Bxd2 18. Rxd2 Bxf3 19. Qxf3 Qxe5 {1/2-1/2 Cruz,
W-Maderna,C/Mar del Plata 1949}) 14. h3 Bh5 15. Bd3 Bg6 16. Neg5 h6 17. Bxg6
fxg6 18. Ne4 Nf4 $6 (18... g5 19. Bd2 Nf4 {hätte ein wertvolles Tempo gewonnen.
Nach} 20. Bxf4 Rxf4 21. Ne1 Bxe1 22. Rxe1 Ref8 {hat Schwarz nicht das
geringste zu befürchten; eher hat er einen leichten Vorteil.}) 19. Bxf4 Rxf4
20. Qe3 Rf7 (20... g5 {scheint mir auch hier vorzuziehen zu sein, weil der
Turm nicht angegriffen wird, wenn ein Springer auf d6 erscheint, und ein
gewisser indirekter Druck gegen d4 erhalten bleibt.}) 21. Ne1 Ref8 22. Nd3 Nb6
(22... Be7 23. Ndc5 Nxc5 24. dxc5 {gefolgt von Se4-d6 nach geeigneter
Vorbereitung ist noch unbequemer für Schwarz.}) 23. Nxb4 Qxb4 24. Qc3 Qe7 25.
Qg3 Kh7 {Es ist mir nicht klar, warum Schwarz hartnäckig auf} (25... g5 {
verzichtet.}) 26. a5 Nd5 27. Rd2 Qb4 28. Qa3 {Nach Damentausch ist der Vorteil
des Weißen offensichtlich; das Springerfeld d6 gewinnt an Wert.} Rd7 29. Qxb4
Nxb4 30. Ra3 Na6 31. Nd6 c5 32. dxc5 Nxc5 33. Rc2 b6 34. axb6 axb6 35. b4 {
Hiermit sollte Weiß wachten, weil der b-Bauer durch Tf8-f4 angegriffen werden
kann. Nach} (35. g3 {wäre die Aufgabe des Schwarzen sehr schwer.}) 35... Nb7
36. Ra7 Nc5 37. Ra3 Nb7 38. Rc6 Nxd6 39. exd6 b5 40. g3 g5 $2 (40... Rfd8 41.
Raa6 g5 {sollte zum Erreichen eines Unentschieden genügen.}) 41. Re3 Re8 (41...
Kg6 42. Rxe6+ Rf6 43. Re5 Rfxd6 (43... Rf5 44. Rec5 {ist nicht besser für
Schwarz.}) 44. Rxd6+ Rxd6 45. Rxb5 Rd2 {führt zu dem Stellungstyp, der in der
Partie nach dem 47. Zuge von Weiß entsteht.}) 42. Re5 Rb7 43. Rc7 Rb6 44. Re7
Rd8 45. R7xe6 Rbxd6 46. Rxd6 Rxd6 47. Rxb5 {Ich glaube nicht, daß Schwarz
diese Stellung halten kann. Die Bauernstruktur am Königsflügel ist ungünstig
für ihn; wenn er den Bauern auf f2 erobert hat, droht er noch nicht, einen
Freibauern zu bilden.} Rd1+ 48. Kg2 Rb1 49. Kf3 Rb2 50. Rb6 Kg8 51. b5 Kf7 52.
Rb8 Kf6 53. b6 Kg6 54. Ke3 Kf7 55. Kd4 Rxf2 56. Rc8 Rb2 57. Rc7+ Ke6 (57... Kf6
58. b7 g6 59. Kd5 g4 60. h4 {ist hoffnungslos für Schwarz:} h5 (60... Kf5 61.
Rf7#) (60... g5 61. h5) 61. Kd6 g5 62. hxg5+ Kxg5 63. Rc5+ {usw.}) 58. Rxg7 Kf6
59. Rb7 h5 60. Rb8 Rb3 61. Kc5 g4 62. hxg4 hxg4 63. Rd8 Ke5 64. Rd5+ Ke6 65.
Rd4 Rxg3 66. b7 1-0